00488 2200193 4500245005200000020002200052250001100074100001900085700002500104700000900129650001700138005001900155260004100174041001400215084001300229300003200242336000900274338001100283 aArakura - The Wild Ones 6cFujiwara, KiyohText a978-602-00-2733-3 aCet. 1 aFujiwara, Kiyo aNina Siti Aminingsih aNein aKomik Jepang a20230201123915 aJakartabElex Media Komputindoc2012 aIndonesia a741.5592 a... jil. :bilus. ;c17 cm. atext avolume